00540 2200205 4500001002100000005001700021008004100038035002400079082001000103090002000113100002500133245004100158260002600199300002500225650003500250850001500285980001300300985000600313999001500319YOGYA-0209000006601920090227091848.0 ind  0010-020900000066019 a813.3 a813.3bHow TlN aHAWTHORNE, Nathaniel aTanglewood takscNathaniel Hawthorne aLOndonbCollinsc1953 a256 hlmbilusc18 cm aKesusasteraan Amerika - Cerita aYOPDYOG(B) a02-07-08 a1 ab000004856